The divorce of Lothar II : Christian marriage and political power in the Carolingian world /

Bibliographic Details
Main Author: Heidecker, Karl, 1961-
Format: Book
Language:English
Published: Ithaca : Cornell University Press, 2010.
Series:Conjunctions of religion & power in the medieval past.
Subjects:

MARC

Tag First Indicator Second Indicator Subfields
LEADER 00000cam a2200000 a 4500
001 in00002575657
005 20151201120018.0
008 090619s2010 nyubj b 001 0deng c
010 |a  2009025600 
015 |a GBB040468  |2 bnb 
016 7 |a 015511945  |2 Uk 
020 |a 9780801439292 (cloth : alk. paper) 
020 |a 0801439299 (cloth : alk. paper) 
029 1 |a CDX  |b 10385834 
029 1 |a NLGGC  |b 326147462 
035 |a (OCoLC)ocn417444609 
035 |a (OCoLC)417444609 
040 |a NIC/DLC  |c DLC  |d YDXCP  |d C#P  |d ERASA  |d BWX  |d UKM  |d CDX  |d UtOrBLW 
041 1 |a eng  |h dut 
042 |a pcc 
043 |a e-fr--- 
049 |a TXAM 
050 0 0 |a DC655.2  |b .H4513 2010 
082 0 0 |a 944/.38014092  |2 22 
100 1 |a Heidecker, Karl,  |d 1961- 
240 1 0 |a Kerk, huwelijk en politieke macht.  |l English 
245 1 4 |a The divorce of Lothar II :  |b Christian marriage and political power in the Carolingian world /  |c Karl Heidecker ; translated from the Dutch by Tanis M. Guest. 
246 3 |a Divorce of Lothar the Second 
264 1 |a Ithaca :  |b Cornell University Press,  |c 2010. 
300 |a x, 227 pages :  |b map, genealogical tables ;  |c 25 cm. 
336 |a text  |b txt  |2 rdacontent 
337 |a unmediated  |b n  |2 rdamedia 
338 |a volume  |b nc  |2 rdacarrier 
490 1 |a Conjunctions of religion and power in the Medieval past 
504 |a Includes bibliographical references and index. 
600 0 0 |a Lothair  |b II,  |c King of Lorraine,  |d approximately 825-869. 
651 0 |a Lorraine (France)  |x Kings and rulers  |v Biography. 
650 0 |a Divorce (Canon law) 
651 0 |a France  |x History  |y To 987. 
651 0 |a Lorraine (France)  |x History. 
650 0 |a Marriage (Canon law) 
650 0 |a Divorce  |z France  |z Lorraine  |x History. 
830 0 |a Conjunctions of religion & power in the medieval past. 
938 |a YBP Library Services  |b YANK  |n 3160569 
938 |a Erasmus Boekhandel  |b ERAA  |n NTS0000108237 
938 |a Blackwell Book Service  |b BBUS  |n R5833784  |c $45.00 
938 |a Coutts Information Services  |b COUT  |n 10385834  |c 45.00 USD 
945 |a PromptCat  |b 957978 
946 |a stk 
947 |a A14840280003 
994 |a 92  |b TXA 
948 |a Cataloged  |b h  |c 2010/4/22  |d c  |e ibarton 
999 |a MARS 
999 f f |s f351879b-ca0c-3c10-a20b-8efec11fa499  |i 5bf8dc26-b97e-303b-91c8-03aa59eb41ff  |t 0 
952 f f |p normal  |a Texas A&M University  |b College Station  |c Sterling C. Evans Library  |d Evans: Library Stacks  |t 0  |e DC655.2 .H4513 2010  |h Library of Congress classification  |i unmediated -- volume  |m A14840280003 
998 f f |a DC655.2 .H4513 2010  |t 0  |l Evans: Library Stacks